000 00482cam a2200181ua 4500
001 1096
005 20260515113257.0
008 110428n ii |||gr||||Z||||||eng
040 _cMAIN
082 _a322.44
245 1 _aNationlist upsurge in assam.
250 _a1st. /
_bEdited by Arun Bhuyan.
260 _aGowahati.:
_bGovernment in Assam.,
_c2000.
300 _a416 p.:
_bill;
_c30 cm.
653 _aPolitical science.
653 _aNationalist upsurge in Assam.
942 _cBK
999 _c1012
_d1012